Perubahan & kepimpinan

Bibliographic Details
Main Author: Ab. Aziz Yusof
Format: Book
Published: Sintok : Penerbit Universiti Utara Malaysia , 2000
Subjects:

MARC

LEADER 00000cam a2200000 7i4500
001 0000003674
005 20080131.0
020 0 0 |a 9839559729 
090 0 0 |a 658.4063   |b AAY 
100 1 0 |a Ab. Aziz Yusof 
245 1 0 |a Perubahan & kepimpinan   |c Ab. Aziz Yusof 
246 1 0 |a Perubahan dan kepimpinan 
260 0 0 |a Sintok :   |b Penerbit Universiti Utara Malaysia ,   |c 2000 
300 |a xxvii, 367ms. ;   |c 21cm. 
500 0 0 |a Mengandungi soalan 
650 0 0 |a Leadership 
650 0 0 |a Management 
650 0 0 |a Organization 
650 0 0 |a Organizational change 
999 |a 0000007141   |b Monograph   |c Open Shelf   |e Default branch